| 000 | 00728cab a2200181 4500 | ||
|---|---|---|---|
| 001 | L129499 | ||
| 008 | 050425n2005 000 0 eng u | ||
| 035 | _a(Sirsi) u129499 | ||
| 041 | _aeng | ||
| 100 | _aSanderson, Paul | ||
| 245 | _aInformation is the key | ||
| 260 | _c2005 | ||
| 490 |
_aEstates Gazette _v(0515) 16 April 2005, 119-119(2) |
||
| 520 | _aFirst part of a two-part feature based on a conference organised by RICS West Midlands CPD Foundation and Advantage West Midlands. Highlights how the Valuation Office Agency implemented the 2005 revaluation. Includes statistics and how the new system works. | ||
| 590 | _aIKA290405 | ||
| 690 | _aPROPERTY-COMMERCIAL PROPERTY-COMMERCIAL PROPERTY MARKET | ||
| 942 | _n0 | ||
| 999 |
_c75129 _d75129 |
||